Les 10 départements français ayant le plus de communes - Statistiques

Statistiques générales
  • Ce quiz a été pris 63 fois
  • Le résultat moyen est 6 sur 10
Statistiques - réponses
Top Départements Nombre de
communes
% Correct
8e Nord 648
90%
1er Pas-de-Calais 890
86%
2e Aisne 798
71%
7e Oise 679
67%
3e Somme 772
66%
5e Seine-Maritime 708
57%
9e Marne 611
50%
4e Moselle 725
48%
10e Meurthe-et-Moselle 591
47%
6e Côte-d'Or 698
41%
Aucun quiz correspondant
Distribution des résultats
% des personnes avec chaque résultat
Percentile par nombre de réponses
Votre historique - résultats
Vous n’avez pas pris ce quiz